LEADER 01305nam--2200409---450- 001 990001165960203316 005 20090601174844.0 010 $a0-674-05308-7 035 $a000116596 035 $aUSA01000116596 035 $a(ALEPH)000116596USA01 035 $a000116596 100 $a20030717d1993----km-y0enga50------ba 101 0 $aeng 102 $aUS 105 $ay|||z|||001yy 200 1 $aAuthors and owners$ethe invention of copyright$fMark Rose 210 $aCambridge [etc.]$cHarvard University$d1993 215 $aX, 176 p.$d24 cm 606 0 $aDiritto d'autore$yGran Bretagna 606 0 $aDiritto d'autore$yStati Uniti d'America 676 $a346.410482 700 1$aROSE,$bMark$0450218 801 0$aIT$bSalbc$cISBD 912 $a990001165960203316 951 $aXXV.1.M 193 (IG XXI 809)$b36532 G.$cXXV.1.M 193 (IG XXI)$d00097556 959 $aBK 969 $aGIU 979 $aMARIA$b10$c20030717$lUSA01$h1008 979 $aALESSANDRA$b90$c20031217$lUSA01$h1224 979 $aALESSANDRA$b90$c20031223$lUSA01$h1003 979 $aALESSANDRA$b90$c20040216$lUSA01$h1320 979 $aPATRY$b90$c20040406$lUSA01$h1722 979 $aPATRY$b90$c20050415$lUSA01$h1342 979 $aRSIAV1$b90$c20090601$lUSA01$h1748 996 $aAuthors and owners$9983952 997 $aUNISA LEADER 01059nam 2200253la 450 001 9910481338103321 005 20221102155355.0 035 $a(UK-CbPIL)2090342814 035 $a(CKB)5500000000084964 035 $a(EXLCZ)995500000000084964 100 $a20221102d1619 uy | 101 0 $alat 135 $aurcn||||a|bb| 200 10$aIo. Antonii Magini ... Tabulae nouae iuxta Tychonis rationes elaboratae quibus directionum conficiendar breuior ac facilior quam unquam antehac a nemine ars traditur. . 210 $aBologna $c[s.n.]$d1619 215 $aOnline resource ([8], 84, 675 [i.e. 677], [3] p., 4º) 300 $aReproduction of original in Biblioteca Nazionale Centrale di Firenze. 700 $aMagini$b Giovanni Antonio$f1555-1617.$055127 801 0$bUk-CbPIL 801 1$bUk-CbPIL 906 $aBOOK 912 $a9910481338103321 996 $aIo. Antonii Magini ... Tabulae nouae iuxta Tychonis rationes elaboratae quibus directionum conficiendar breuior ac facilior quam unquam antehac a nemine ars traditur.$92122998 997 $aUNINA